000 00984nam a22003257a 4500
005 20260216160959.0
008 200908b2018 xxu||||| |||| 00| 0 spa d
020 _a9789587499346
041 _aESP
082 _a364 ES74p
100 _aEscalante Barreto, Caviedes Estanislao
_958428
245 _aPolítica criminal mediática: Populismo penal, criminología crítica de los medios y de la justicia penal
260 _aColombia
260 _bGrupo Editorial Ibáñez
260 _c2018
300 _a733 páginas
490 _aInvestigación Criminal
650 _aPOLÍTICA CRIMINAL
650 _aPOPULISMO PUNITIVO
650 _aCRIMINOLOGÍA CRÍTICA
650 _aMEDIOS DE COMUNICACIÓN
650 _aREDES SOCIALES
650 _aEMPRESA COMUNICACIONAL
650 _aDISCRIMINACIÓN HOMOSEXUAL
650 _aJUSTICIA PENAL JUVENIL
650 _aDISCURSOS MEDIÁTICOS
650 _aVÍCTIMAS
650 _aINVESTIGACIÓN CRIMINAL
942 _cBK
_2ddc
999 _c12718
_d12718